[Event "CYCC U08"]
[Site "Victoria CAN"]
[Date "2009.07.21"]
[Round "2"]
[White "Geng, Matthew"]
[Black "Su, Michael"]
[Result "0-1"]
[WhiteElo "691"]
[BlackElo "1106"]
[PlyCount "80"]
[GameId "2160767910093589"]
[EventDate "2009.07.21"]
[EventType "swiss"]
[EventRounds "7"]
[EventCountry "CAN"]
[SourceTitle "EXT 2011"]
[Source "ChessBase"]
[SourceDate "2011.11.26"]
[SourceVersion "1"]
[SourceVersionDate "2011.11.26"]
[SourceQuality "1"]

1. e4 e5 2. Nf3 Nf6 3. Nc3 Nc6 4. Bb5 a6 5. Bxc6 dxc6 6. Nxe5 Qd4 7. Nf3 Qb4 8. a3 Qe7 9. d3 Bf5 10. Be3 Be6 11. b4 O-O-O 12. Bg5 Bf5 13. Ne2 Bxe4 14. Ned4 Bxf3+ 15. Ne2 Bxe2 16. Qd2 Bxd3+ 17. Be3 Be4 18. Qc3 Bxg2 19. Rg1 Bf3 20. Kf1 Qd7 21. Re1 Ne4 22. Qd3 Qxd3+ 23. cxd3 Rxd3 24. Rc1 Rd1+ 25. Rxd1 Bxd1 26. Kg2 Bb3 27. Rc1 Bd5 28. Kf1 Bd6 29. f3 Nf6 30. Kf2 Bxh2 31. f4 Ne4+ 32. Kg2 Nf6+ 33. Kh3 Be6+ 34. Kg2 Ng4 35. Bc5 Bxf4 36. Kf3 Bd6 37. Re1 Rd8 38. Bxd6 Rxd6 39. Re4 Nf6 40. Re2 Bg4+ 0-1

[Event "CYCC U08"]
[Site "Victoria CAN"]
[Date "2009.07.21"]
[Round "2"]
[White "Gugel, Brett"]
[Black "McCullough, Ian"]
[Result "1/2-1/2"]
[WhiteElo "1308"]
[BlackElo "969"]
[PlyCount "58"]
[GameId "2160767910093590"]
[EventDate "2009.07.21"]
[EventType "swiss"]
[EventRounds "7"]
[EventCountry "CAN"]
[SourceTitle "hb 2009.10"]

1. e4 e6 2. d4 d5 3. e5 c5 4. c3 Nc6 5. Nf3 Qb6 6. Bd3 Bd7 7. Bc2 Nge7 8. dxc5 Qxc5 9. Be3 Qb5 10. b3 Qa5 11. b4 Qc7 12. Bf4 Nf5 13. Bxf5 exf5 14. Qxd5 Be6 15. Qd1 Rd8 16. Qe2 Be7 17. O-O O-O 18. Rd1 Rxd1+ 19. Qxd1 Rd8 20. Qe1 Qd7 21. Na3 a5 22. Nc2 axb4 23. cxb4 Qd3 24. b5 Qxc2 25. bxc6 Qxc6 26. Bg5 Bxg5 27. Nxg5 Bd5 28. Rd1 Qg6 29. Nf3 Qc6 1/2-1/2

[Event "CYCC U08"]
[Site "Victoria CAN"]
[Date "2009.07.21"]
[Round "2"]
[White "Wan, Kevin"]
[Black "Zotkin, Daniel"]
[Result "1/2-1/2"]
[WhiteElo "1418"]
[BlackElo "1368"]
[PlyCount "48"]
[GameId "2160767910093591"]
[EventDate "2009.07.21"]
[EventType "swiss"]
[EventRounds "7"]
[EventCountry "CAN"]
[SourceTitle "hb 2009.10"]

1. e4 c5 2. Nf3 Nc6 3. d4 cxd4 4. Nxd4 g6 5. Nc3 Bg7 6. Be3 Nf6 7. f3 O-O 8. Qd2 Qb6 9. Nb3 Qc7 10. O-O-O a5 11. a4 d6 12. Nb5 Qd8 13. Bh6 Be6 14. Bxg7 Kxg7 15. g4 Bxb3 16. cxb3 Rc8 17. Kb1 Nb4 18. Bc4 Nd7 19. Rc1 Ne5 20. Qd4 Kg8 21. Qe3 Nxc4 22. bxc4 Qd7 23. Qd2 Qe6 24. Qc3 Rc5 1/2-1/2

[Event "CYCC U08"]
[Site "Victoria CAN"]
[Date "2009.07.22"]
[Round "3"]
[White "Maulucci, Anthony"]
[Black "Gugel, Brett"]
[Result "1/2-1/2"]
[WhiteElo "1306"]
[BlackElo "1308"]
[PlyCount "114"]
[GameId "2160767910093593"]
[EventDate "2009.07.21"]
[EventType "swiss"]
[EventRounds "7"]
[EventCountry "CAN"]
[SourceTitle "hb 2009.10"]

1. d4 Nf6 2. c4 d6 3. Nf3 Bg4 4. Nc3 g6 5. Bg5 h6 6. Bh4 g5 7. Bg3 Nh5 8. e3 f5 9. Bd3 e6 10. Qc2 Bxf3 11. gxf3 Qf6 12. O-O-O Nc6 13. h4 Nxg3 14. fxg3 gxh4 15. Rxh4 Qg5 16. Qf2 h5 17. f4 Qf6 18. Nb5 O-O-O 19. e4 a6 20. Nc3 fxe4 21. Bxe4 Ne7 22. Qg2 Rg8 23. Bxb7+ Kb8 24. Bxa6 c6 25. Rxh5 Qxf4+ 26. gxf4 Rxg2 27. c5 dxc5 28. dxc5 Rxd1+ 29. Nxd1 Ng6 30. f5 exf5 31. Rxf5 Bh6+ 32. Kb1 Rd2 33. Nc3 Ka7 34. Bc4 Rd4 35. Rf6 Rxc4 36. Rxg6 Bf8 37. Rxc6 Bxc5 38. Rc7+ Ka6 39. Kc2 Kb6 40. b3 Rxc3+ 41. Kxc3 Kxc7 42. Kc4 Ba3 43. b4 Bxb4 44. Kxb4 Kb6 45. a4 Ka6 46. a5 Ka7 47. Kb5 Kb7 48. Kc5 Ka6 49. Kb4 Ka7 50. Kc3 Ka6 51. Kb4 Ka7 52. Kb5 Kb7 53. a6+ Ka7 54. Ka5 Ka8 55. Kb6 Kb8 56. Ka5 Ka7 57. Kb5 Ka8 1/2-1/2

[Event "CYCC U08"]
[Site "Victoria CAN"]
[Date "2009.07.22"]
[Round "3"]
[White "McCullough, Ian"]
[Black "Wan, Kevin"]
[Result "0-1"]
[WhiteElo "969"]
[BlackElo "1418"]
[PlyCount "54"]
[GameId "2160767910093594"]
[EventDate "2009.07.21"]
[EventType "swiss"]
[EventRounds "7"]
[EventCountry "CAN"]
[SourceTitle "hb 2009.10"]

1. d4 Nf6 2. c4 g6 3. Nc3 Bg7 4. Bg5 c6 5. Nf3 Na6 6. a3 Nc7 7. e3 d6 8. h3 Ne6 9. Bh4 Bd7 10. Bd3 h6 11. O-O O-O 12. Qc2 g5 13. Bg3 Re8 14. d5 Nc5 15. dxc6 bxc6 16. Bf5 Bxf5 17. Qxf5 Qd7 18. Qxd7 Nfxd7 19. Rad1 Nb6 20. Nd2 Nd3 21. Rb1 Nxb2 22. Rxb2 Bxc3 23. Rc2 Bxd2 24. Rxd2 Nxc4 25. Rd3 Rab8 26. Rc1 Na5 27. Rd4 Nb3 0-1

[Event "CYCC U08"]
[Site "Victoria CAN"]
[Date "2009.07.22"]
[Round "3"]
[White "Su, Michael"]
[Black "Doknjas, Joshua"]
[Result "0-1"]
[WhiteElo "1106"]
[BlackElo "1020"]
[PlyCount "94"]
[GameId "2160767910093595"]
[EventDate "2009.07.21"]
[EventType "swiss"]
[EventRounds "7"]
[EventCountry "CAN"]
[SourceTitle "hb 2009.10"]

1. e4 e6 2. d4 d5 3. exd5 exd5 4. Nc3 Nf6 5. Bf4 Bb4 6. Bd3 O-O 7. Nf3 Re8+ 8. Be2 Ne4 9. Qd3 Nxc3 10. bxc3 Be7 11. O-O Nc6 12. Rfe1 Bg4 13. h3 Bh5 14. Qb5 Rb8 15. Ne5 Bxe2 16. Qxe2 Nxe5 17. Bxe5 Bd6 18. Qe3 f6 19. Bxf6 Rxe3 20. Bxd8 Rxe1+ 21. Rxe1 Rxd8 22. Rb1 b6 23. Rb5 Bf4 24. g3 Bd2 25. Rb3 Rd6 26. Kf1 Rc6 27. Ra3 Rxc3 28. Rxa7 Rxc2 29. Ra8+ Kf7 30. a4 Bc3 31. Rd8 Ke6 32. Re8+ Kd7 33. Rh8 Bxd4 34. Rxh7 Bc3 35. Kg2 Bf6 36. Kf3 d4 37. Ke4 c5 38. f4 c4 39. g4 d3 40. Ke3 Re2+ 41. Kf3 c3 42. g5 Bd4 43. h4 c2 44. h5 c1=Q 45. h6 Qe3+ 46. Kg4 Rg2+ 47. Kf5 Qe6# 0-1

[Event "CYCC U08"]
[Site "Victoria CAN"]
[Date "2009.07.22"]
[Round "3"]
[White "Tsang, Alex"]
[Black "Geng, Matthew"]
[Result "0-1"]
[WhiteElo "804"]
[BlackElo "691"]
[PlyCount "50"]
[GameId "2160767910093596"]
[EventDate "2009.07.21"]
[EventType "swiss"]
[EventRounds "7"]
[EventCountry "CAN"]
[SourceTitle "EXT 2011"]
[Source "ChessBase"]
[SourceDate "2011.11.26"]
[SourceVersion "1"]
[SourceVersionDate "2011.11.26"]
[SourceQuality "1"]

1. e4 e5 2. Nf3 Nc6 3. Nc3 Nf6 4. d4 exd4 5. Nxd4 Nxd4 6. Qxd4 b6 7. e5 Bc5 8. Qd3 Ng4 9. Qe4 Nxf2 10. Qxa8 Nxh1 11. g3 Bf2+ 12. Ke2 d5 13. Bg2 Bg4+ 14. Kf1 Qxa8 15. Bxh1 Bd4 16. Nb5 O-O 17. Nxd4 Qe8 18. Bf4 Qa4 19. c3 c5 20. Nf3 Qc4+ 21. Ke1 Qe4+ 22. Kd1 Bxf3+ 23. Bxf3 Qxf3+ 24. Ke1 Qh1+ 25. Kf2 Qxa1 0-1

[Event "CYCC U08"]
[Site "Victoria CAN"]
[Date "2009.07.22"]
[Round "3"]
[White "Xu, Jingzhi (Edwin)"]
[Black "Deng, Yi"]
[Result "0-1"]
[WhiteElo "1040"]
[BlackElo "695"]
[PlyCount "84"]
[GameId "2160767910093597"]
[EventDate "2009.07.21"]
[EventType "swiss"]
[EventRounds "7"]
[EventCountry "CAN"]

1. e4 e5 2. Nf3 Nc6 3. Nc3 Bb4 4. a3 Bxc3 5. dxc3 a6 6. Bg5 f6 7. Bh4 d6 8. Bc4 Nge7 9. Nd2 b5 10. Bb3 Na5 11. Qh5+ Ng6 12. Bd5 c6 13. Bb3 Nxb3 14. Nxb3 O-O 15. O-O Nf4 16. Qf3 Qe8 17. Rfd1 Qg6 18. Rxd6 Bh3 19. Bg3 Bxg2 20. Qxg2 Nxg2 21. Kxg2 Qxe4+ 22. Kg1 Qxc2 23. Nc5 Qxb2 24. Rf1 Qxc3 25. Rxc6 Qxa3 26. Ne6 Rfe8 27. Nc7 Rec8 28. Nxa8 Rxc6 29. Rd1 Qf8 30. Bh4 Qxa8 31. Ra1 b4 32. Rb1 a5 33. f3 Rc4 34. Be1 Qxf3 35. Bf2 a4 36. Be1 b3 37. Ra1 b2 38. Rb1 a3 39. h4 a2 40. h5 axb1=Q 41. Kh2 Rc2+ 42. Bf2 Rxf2# 0-1

[Event "CYCC U08"]
[Site "Victoria CAN"]
[Date "2009.07.22"]
[Round "4"]
[White "Boushy, Declan Paul"]
[Black "Su, Michael"]
[Result "0-1"]
[WhiteElo "804"]
[BlackElo "1106"]
[PlyCount "70"]
[GameId "2160767910093599"]
[EventDate "2009.07.21"]
[EventType "swiss"]
[EventRounds "7"]
[EventCountry "CAN"]
[SourceTitle "EXT 2011"]
[Source "ChessBase"]
[SourceDate "2011.11.26"]
[SourceVersion "1"]
[SourceVersionDate "2011.11.26"]
[SourceQuality "1"]

1. e4 e5 2. Nf3 Nc6 3. d4 exd4 4. Nxd4 Nxd4 5. Qxd4 Nf6 6. e5 Nh5 7. Be2 g6 8. g4 Ng7 9. Bh6 Ne6 10. Bxf8 Nxd4 11. Bg7 Rg8 12. Bf6 Nxc2+ 13. Kd1 Qxf6 14. exf6 Nxa1 15. Kd2 d5 16. g5 Be6 17. Na3 O-O-O 18. Rxa1 Bf5 19. Rc1 d4 20. Nb5 c6 21. Nxa7+ Kb8 22. Nxc6+ bxc6 23. Rxc6 d3 24. Bd1 Kb7 25. Ba4 Rd4 26. a3 Rxa4 27. Rc8 Kxc8 28. b3 Rxa3 29. h3 Ra2+ 30. Kc1 d2+ 31. Kd1 Kd7 32. Ke2 Rd8 33. f4 Kc7 34. Kf2 d1=N+ 35. Kf3 Rd3# 0-1

[Event "CYCC U08"]
[Site "Victoria CAN"]
[Date "2009.07.22"]
[Round "4"]
[White "Doknjas, Joshua"]
[Black "Geng, Matthew"]
[Result "1-0"]
[WhiteElo "1020"]
[BlackElo "691"]
[PlyCount "73"]
[GameId "2160767910093600"]
[EventDate "2009.07.21"]
[EventType "swiss"]
[EventRounds "7"]
[EventCountry "CAN"]
[SourceTitle "EXT 2011"]
[Source "ChessBase"]
[SourceDate "2011.11.26"]
[SourceVersion "1"]
[SourceVersionDate "2011.11.26"]
[SourceQuality "1"]

1. e4 e6 2. d4 d5 3. exd5 exd5 4. Nf3 Nc6 5. Bd3 Nf6 6. O-O Bd6 7. c3 Bg4 8. Re1+ Ne7 9. Bg5 Bxf3 10. Qxf3 Qd7 11. Bxf6 gxf6 12. Qxf6 Rg8 13. Bf5 Qc6 14. Qh4 Kf8 15. Bd3 Qd7 16. Qh6+ Ke8 17. Qxh7 Kf8 18. Qh6+ Ke8 19. Qe3 Qg4 20. g3 Qh3 21. Bf1 Qh5 22. Bg2 Rh8 23. h3 Kf8 24. Kh2 Re8 25. Qf3 Qg5 26. Re6 Rg8 27. Rf6 Rg7 28. h4 Qc1 29. Qe2 Nf5 30. Qd2 Qxd2 31. Nxd2 Ne7 32. Re1 Rg6 33. Rxg6 fxg6 34. Nf3 Kg7 35. Ng5 Kf6 36. Bxd5 c6 37. Bg2 1-0

[Event "CYCC U08"]
[Site "Victoria CAN"]
[Date "2009.07.22"]
[Round "4"]
[White "Gugel, Brett"]
[Black "Deng, Yi"]
[Result "1/2-1/2"]
[WhiteElo "1308"]
[BlackElo "695"]
[PlyCount "137"]
[GameId "2160767910093601"]
[EventDate "2009.07.21"]
[EventType "swiss"]
[EventRounds "7"]
[EventCountry "CAN"]
[SourceTitle "EXT 2011"]
[Source "ChessBase"]
[SourceDate "2011.11.26"]
[SourceVersion "1"]
[SourceVersionDate "2011.11.26"]
[SourceQuality "1"]

1. e4 e5 2. Nf3 Nc6 3. Bb5 Nf6 4. O-O Be7 5. Re1 Nd4 6. Nxd4 exd4 7. e5 Nd5 8. d3 O-O 9. Bc4 Nb6 10. Bb3 a5 11. a3 d5 12. c3 c5 13. cxd4 cxd4 14. Bf4 a4 15. Ba2 Be6 16. Nd2 Rc8 17. Rc1 Rxc1 18. Qxc1 Qc8 19. Nf3 Bc5 20. Qc2 Bf5 21. Rc1 Be7 22. Nxd4 Qxc2 23. Rxc2 Bxd3 24. Rc7 Bd8 25. Rc3 Bg6 26. h3 Re8 27. Re3 Kf8 28. g4 h6 29. Nf5 Bxf5 30. gxf5 f6 31. exf6 Rxe3 32. fxg7+ Kxg7 33. Bxe3 Nc4 34. Bxc4 dxc4 35. Kf1 Bf6 36. Bc1 b5 37. Ke2 h5 38. Ke3 Kf7 39. Ke4 c3 40. bxc3 Bxc3 41. Kd5 b4 42. axb4 Bxb4 43. Kc4 Be7 44. Kb5 a3 45. Ka4 a2 46. Bb2 Bf6 47. Kb3 a1=Q 48. Bxa1 Bxa1 49. Kc2 Kf6 50. Kd3 Kxf5 51. Ke3 h4 52. Kf3 Bd4 53. Kg2 Kf4 54. Kh1 Bxf2 55. Kg2 Ba7 56. Kh1 Bb8 57. Kg2 Bc7 58. Kh1 Kg3 59. Kg1 Kxh3 60. Kh1 Kg4 61. Kg1 h3 62. Kh1 Kf3 63. Kg1 h2+ 64. Kh1 Ke2 65. Kg2 Ke1 66. Kh1 Ke2 67. Kg2 Ke3 68. Kh1 Kf4 69. Kxh2 1/2-1/2

[Event "CYCC U08"]
[Site "Victoria CAN"]
[Date "2009.07.22"]
[Round "4"]
[White "Zotkin, Daniel"]
[Black "Maulucci, Anthony"]
[Result "1-0"]
[WhiteElo "1368"]
[BlackElo "1306"]
[PlyCount "145"]
[GameId "2160767910093603"]
[EventDate "2009.07.21"]
[EventType "swiss"]
[EventRounds "7"]
[EventCountry "CAN"]
[SourceTitle "hb 2009.10"]

1. e4 e6 2. d4 d5 3. e5 c5 4. c3 Nc6 5. Nf3 Qb6 6. Bd3 Bd7 7. O-O cxd4 8. cxd4 Nxd4 9. Nxd4 Qxd4 10. Nc3 Qxe5 11. Re1 Qc7 12. Nxd5 Qd8 13. Bf4 Rc8 14. Rc1 Bc6 15. Bc4 Ne7 16. Nb4 Qxd1 17. Rexd1 Nf5 18. Nxc6 bxc6 19. Bb5 Ne7 20. Ba6 Rd8 21. Rxd8+ Kxd8 22. Bb7 Nd5 23. Bg3 Nb4 24. Rd1+ Ke8 25. a3 Nc2 26. Bxc6+ Ke7 27. Bh4+ f6 28. Rd7+ Ke8 29. Rd2+ Kf7 30. Rxc2 g5 31. Bg3 h5 32. h3 e5 33. f3 h4 34. Bf2 Be7 35. Bxa7 Rd8 36. b4 Rd1+ 37. Kh2 Bd6 38. Bc5 Bc7 39. g3 Kg6 40. b5 hxg3+ 41. Kg2 Rb1 42. Be8+ Kf5 43. Ra2 Kf4 44. a4 Ba5 45. b6 Bxb6 46. Bxb6 Rxb6 47. a5 Ra6 48. Bb5 Ra7 49. a6 f5 50. Bc6 e4 51. Ra4 Ke3 52. fxe4 fxe4 53. Kxg3 Kd3 54. Bxe4+ Ke3 55. Kg4 Kf2 56. Kxg5 Kg3 57. Kf6 Kxh3 58. Ke6 Rxa6+ 59. Rxa6 Kg4 60. Ra5 Kf4 61. Ba8 Kg4 62. Kf6 Kf4 63. Ra4+ Ke3 64. Ke5 Kd3 65. Rh4 Ke3 66. Rh3+ Ke2 67. Kf4 Kf2 68. Rh2+ Kf1 69. Kf3 Ke1 70. Be4 Kd1 71. Ke3 Kc1 72. Kd3 Kd1 73. Rh1# 1-0

[Event "CYCC U08"]
[Site "Victoria CAN"]
[Date "2009.08.24"]
[Round "4"]
[White "McCullough, Ian"]
[Black "Xu, Jingzhi (Edwin)"]
[Result "1-0"]
[WhiteElo "969"]
[BlackElo "1040"]
[PlyCount "65"]
[GameId "2160767910093604"]
[EventDate "2009.07.21"]
[EventType "swiss"]
[EventRounds "7"]
[EventCountry "CAN"]
[SourceTitle "hb 2009.10"]

1. d4 d5 2. c4 c6 3. Nc3 Nf6 4. Bg5 Bf5 5. Nf3 Nbd7 6. e3 e6 7. c5 b6 8. b4 Be7 9. Be2 O-O 10. O-O Qc7 11. Bf4 Qb7 12. Bg5 Rfe8 13. Qa4 b5 14. Qd1 a5 15. a3 a4 16. Ne5 Rad8 17. Nxc6 Qxc6 18. Bxb5 Qc7 19. Bxa4 Ng4 20. Bf4 Qb7 21. c6 Qb6 22. cxd7 Rf8 23. h3 Nf6 24. Rc1 Nxd7 25. Nb5 Rc8 26. Rc3 Rxc3 27. Nxc3 Nf6 28. Qe2 Bxb4 29. axb4 Qxb4 30. Rc1 Rc8 31. Qd2 Ne4 32. Nxe4 Qxd2 33. Rxc8# 1-0

[Event "CYCC U08"]
[Site "Victoria CAN"]
[Date "2009.07.22"]
[Round "5"]
[White "Deng, Yi"]
[Black "Zotkin, Daniel"]
[Result "0-1"]
[WhiteElo "695"]
[BlackElo "1368"]
[PlyCount "108"]
[GameId "2160767910093605"]
[EventDate "2009.07.21"]
[EventType "swiss"]
[EventRounds "7"]
[EventCountry "CAN"]
[SourceTitle "EXT 2011"]
[Source "ChessBase"]
[SourceDate "2011.11.26"]
[SourceVersion "1"]
[SourceVersionDate "2011.11.26"]
[SourceQuality "1"]

1. e4 c5 2. Nf3 Nc6 3. Bc4 g6 4. O-O Bg7 5. d3 Nf6 6. e5 Ng4 7. Bd2 Ngxe5 8. Bc3 Nxf3+ 9. Qxf3 O-O 10. Bxg7 Kxg7 11. Re1 Nd4 12. Qd1 d5 13. Bb3 b5 14. c3 Nxb3 15. Qxb3 a6 16. Re5 Be6 17. Nd2 c4 18. Qc2 Bf5 19. Qd1 Bxd3 20. Qg4 Qc8 21. Qd4 Kg8 22. Rxe7 Re8 23. Rxe8+ Qxe8 24. Qxd5 Qe6 25. Qxa8+ Kg7 26. b4 Qe2 27. Nf3 Qb2 28. Re1 Qxc3 29. Qxa6 Qxb4 30. Rc1 c3 31. Qc6 c2 32. h3 Qb1 33. Qxc2 Bxc2 34. Rxb1 Bxb1 35. a3 Kf6 36. Nd4 Bd3 37. f4 g5 38. fxg5+ Kxg5 39. Kf2 Kf4 40. Ke1 Ke3 41. Nc6 Ke4 42. Kd2 Bc4 43. Nb4 Kf4 44. Nd3+ Kg3 45. Ne1 Bf1 46. Ke3 Bxg2 47. Nxg2 Kxg2 48. h4 h5 49. Kf4 Kh3 50. Kg5 f5 51. Kxh5 f4 52. Kg5 f3 53. Kf4 f2 54. Kf3 f1=Q+ 0-1

[Event "CYCC U08"]
[Site "Victoria CAN"]
[Date "2009.07.22"]
[Round "5"]
[White "Geng, Matthew"]
[Black "McCullough, Ian"]
[Result "0-1"]
[WhiteElo "691"]
[BlackElo "969"]
[PlyCount "83"]
[GameId "2160767910093606"]
[EventDate "2009.07.21"]
[EventType "swiss"]
[EventRounds "7"]
[EventCountry "CAN"]
[SourceTitle "EXT 2011"]
[Source "ChessBase"]
[SourceDate "2011.11.26"]
[SourceVersion "1"]
[SourceVersionDate "2011.11.26"]
[SourceQuality "1"]

1. e4 e6 2. d4 d5 3. e5 c5 4. c3 Nc6 5. Bd3 Qb6 6. Nf3 Bd7 7. Be3 Nge7 8. dxc5 Qa5 9. Na3 Nf5 10. Qd2 Nxe3 11. Qxe3 Bxc5 12. b4 Bxe3 13. bxa5 Bc5 14. Nb5 O-O-O 15. O-O a6 16. Nbd4 Nxd4 17. Nxd4 h5 18. Rac1 Kb8 19. Rb1 Bxd4 20. cxd4 Ka7 21. Rfc1 Bc6 22. Bxa6 Kxa6 23. Rb6+ Kxa5 24. Rcb1 Ra8 25. a4 Ra6 26. R6b2 Rc8 27. Rc2 Rb6 28. Rc5+ Ka6 29. Ra1 Ka7 30. Ra5+ Kb8 31. Rc5 Bxa4 32. Ra5 Rb4 33. Ra8+ Kxa8 34. h3 Kb8 35. g4 hxg4 36. hxg4 Rxd4 37. Kg2 Rxg4+ 38. Kf3 Rcc4 39. Ke2 Rc2+ 40. Kf3 Rgc4 41. Ke3 Rc1 42. Ra2 0-1

[Event "CYCC U08"]
[Site "Victoria CAN"]
[Date "2009.07.22"]
[Round "5"]
[White "Tsang, Alex"]
[Black "Boushy, Declan Paul"]
[Result "1-0"]
[WhiteElo "804"]
[BlackElo "804"]
[PlyCount "51"]
[GameId "2160767910093607"]
[EventDate "2009.07.21"]
[EventType "swiss"]
[EventRounds "7"]
[EventCountry "CAN"]
[SourceTitle "EXT 2011"]
[Source "ChessBase"]
[SourceDate "2011.11.26"]
[SourceVersion "1"]
[SourceVersionDate "2011.11.26"]
[SourceQuality "1"]

1. e4 c5 2. Nf3 e6 3. Nc3 Nf6 4. d4 d5 5. Bb5+ Bd7 6. e5 Ne4 7. Bxd7+ Nxd7 8. Qd3 Ndf6 9. exf6 Nxf6 10. O-O b6 11. dxc5 bxc5 12. Re1 Bd6 13. Bd2 Bc7 14. Qb5+ Nd7 15. Qe2 Qe7 16. Rad1 Qd6 17. g3 Nf8 18. Nb5 Qd7 19. Nxc7+ Qxc7 20. Bc3 e5 21. Bxe5 Qxe5 22. Nxe5 Kd8 23. Nxf7+ Kd7 24. Rxd5+ Kc8 25. Qe7 Kb8 26. Rd8# 1-0

[Event "CYCC U08"]
[Site "Victoria CAN"]
[Date "2009.07.23"]
[Round "5"]
[White "Su, Michael"]
[Black "Maulucci, Anthony"]
[Result "0-1"]
[WhiteElo "1106"]
[BlackElo "1306"]
[PlyCount "90"]
[GameId "2160767910093609"]
[EventDate "2009.07.21"]
[EventType "swiss"]
[EventRounds "7"]
[EventCountry "CAN"]
[SourceTitle "hb 2009.10"]

1. e4 e6 2. d4 d5 3. e5 c5 4. c3 Nc6 5. Nf3 Qb6 6. Na3 Nge7 7. Qb3 Qxb3 8. axb3 Nf5 9. Be3 cxd4 10. Nxd4 Nxe5 11. Nxf5 exf5 12. Bf4 Bd6 13. Bb5+ Bd7 14. O-O Bxb5 15. Nxb5 Nf3+ 16. gxf3 Bxf4 17. Rae1+ Kd7 18. Rd1 Kc6 19. Nd4+ Kc7 20. Nxf5 Rad8 21. Rfe1 g6 22. Ne3 Rhe8 23. Kf1 Kc6 24. h3 Bxe3 25. Rxe3 Rxe3 26. fxe3 Re8 27. Kf2 Re5 28. f4 Rh5 29. Kg3 h6 30. h4 f6 31. Rh1 b5 32. b4 Kb6 33. Re1 a5 34. bxa5+ Kxa5 35. e4 dxe4 36. Rxe4 g5 37. hxg5 hxg5 38. fxg5 Rxg5+ 39. Kf4 Rh5 40. Re6 Rh6 41. b4+ Ka4 42. Ke4 f5+ 43. Kd4 Rxe6 44. c4 Kxb4 45. c5 Rc6 0-1

[Event "CYCC U08"]
[Site "Victoria CAN"]
[Date "2009.07.23"]
[Round "5"]
[White "Wan, Kevin"]
[Black "Gugel, Brett"]
[Result "1-0"]
[WhiteElo "1418"]
[BlackElo "1308"]
[PlyCount "67"]
[GameId "2160767910093610"]
[EventDate "2009.07.21"]
[EventType "swiss"]
[EventRounds "7"]
[EventCountry "CAN"]
[SourceTitle "hb 2009.10"]

1. e4 e5 2. Nf3 Nc6 3. Bb5 a6 4. Ba4 Nf6 5. O-O Be7 6. Re1 O-O 7. Bxc6 dxc6 8. Nxe5 Qd4 9. Nf3 Qb6 10. d4 Rd8 11. c3 Bg4 12. Qb3 Bxf3 13. Qxb6 cxb6 14. gxf3 c5 15. d5 Bd6 16. Bg5 Re8 17. Nd2 h6 18. Bh4 b5 19. Bg3 Bxg3 20. fxg3 Rad8 21. a4 Ra8 22. axb5 axb5 23. Nf1 Re7 24. Rxa8+ Kh7 25. Rd8 Re8 26. Rxe8 Nxe8 27. e5 f6 28. d6 fxe5 29. d7 e4 30. dxe8=Q exf3 31. Re6 f2+ 32. Kxf2 h5 33. Qg6+ Kh8 34. Re8# 1-0

[Event "CYCC U08"]
[Site "Victoria CAN"]
[Date "2009.07.23"]
[Round "6"]
[White "Boushy, Declan Paul"]
[Black "Geng, Matthew"]
[Result "0-1"]
[WhiteElo "804"]
[BlackElo "691"]
[PlyCount "54"]
[GameId "2160767910093611"]
[EventDate "2009.07.21"]
[EventType "swiss"]
[EventRounds "7"]
[EventCountry "CAN"]
[SourceTitle "EXT 2011"]
[Source "ChessBase"]
[SourceDate "2011.11.26"]
[SourceVersion "1"]
[SourceVersionDate "2011.11.26"]
[SourceQuality "1"]

1. e4 e5 2. Nf3 Nc6 3. Nc3 Nf6 4. Bc4 Bb4 5. O-O O-O 6. Qe1 Bxc3 7. dxc3 d6 8. Bg5 Bg4 9. Qe2 h6 10. Bd2 Qe7 11. Qd3 d5 12. exd5 Rad8 13. Bb3 e4 14. d6 Rxd6 15. Qe2 Ne5 16. h3 exf3 17. gxf3 Nxf3+ 18. Kh1 Qxe2 19. Rae1 Nxe1 20. Rxe1 Qf3+ 21. Kg1 Qxh3 22. Re3 Bf3 23. Rxf3 Qxf3 24. Kh2 Qxf2+ 25. Kh1 Rxd2 26. Bxf7+ Rxf7 27. b3 Rd1# 0-1

[Event "CYCC U08"]
[Site "Victoria CAN"]
[Date "2009.07.23"]
[Round "6"]
[White "Gugel, Brett"]
[Black "Zotkin, Daniel"]
[Result "0-1"]
[WhiteElo "1308"]
[BlackElo "1368"]
[PlyCount "44"]
[GameId "2160767910093612"]
[EventDate "2009.07.21"]
[EventType "swiss"]
[EventRounds "7"]
[EventCountry "CAN"]
[SourceTitle "hb 2009.10"]

1. d4 d5 2. c4 e6 3. Nc3 Nf6 4. Bg5 Nbd7 5. cxd5 exd5 6. Nxd5 Nxd5 7. Bxd8 Bb4+ 8. Qd2 Bxd2+ 9. Kxd2 Kxd8 10. e4 N5f6 11. f3 Nb6 12. b3 Bd7 13. Ne2 Bb5 14. Nc3 Bxf1 15. Rhxf1 Kd7 16. Rac1 Rhd8 17. d5 Ke8 18. Ne2 c6 19. e5 Nfxd5 20. Ke1 Ne3 21. Rf2 Rd7 22. Rc3 Rd1# 0-1

[Event "CYCC U08"]
[Site "Victoria CAN"]
[Date "2009.07.23"]
[Round "6"]
[White "Wan, Kevin"]
[Black "Doknjas, Joshua"]
[Result "1/2-1/2"]
[WhiteElo "1418"]
[BlackElo "1020"]
[PlyCount "50"]
[GameId "2160767910093614"]
[EventDate "2009.07.21"]
[EventType "swiss"]
[EventRounds "7"]
[EventCountry "CAN"]
[SourceTitle "hb 2009.10"]

1. e4 e6 2. d4 d5 3. e5 c5 4. c3 Nc6 5. Nf3 Qb6 6. Na3 a5 7. Nc2 c4 8. Ne3 Bd7 9. Be2 Nge7 10. b3 cxb3 11. Qxb3 Qxb3 12. axb3 Rc8 13. Nc2 b6 14. Na3 Na7 15. c4 Bc6 16. O-O h6 17. Nd2 g5 18. Ndb1 Ng6 19. Nc3 Ne7 20. cxd5 Nxd5 21. Nxd5 exd5 22. Bh5 Bd7 23. Re1 Be6 24. Bb2 Bb4 25. Rec1 Rxc1+ 1/2-1/2

[Event "CYCC U08"]
[Site "Victoria CAN"]
[Date "2009.07.23"]
[Round "6"]
[White "Xu, Jingzhi (Edwin)"]
[Black "Tsang, Alex"]
[Result "1-0"]
[WhiteElo "1040"]
[BlackElo "804"]
[PlyCount "109"]
[GameId "2160767910093615"]
[EventDate "2009.07.21"]
[EventType "swiss"]
[EventRounds "7"]
[EventCountry "CAN"]
[SourceTitle "hb 2009.10"]

1. e4 e5 2. Nf3 Nc6 3. Bc4 h6 4. Nc3 d6 5. d3 Be6 6. Bxe6 fxe6 7. Nd2 Be7 8. Qh5+ Kd7 9. Nc4 Nf6 10. Qg6 Rg8 11. Qg3 Nd4 12. Ne3 Nh5 13. Qg4 Nf6 14. Qd1 Kc8 15. Ne2 d5 16. Nxd4 exd4 17. Ng4 dxe4 18. Nxf6 gxf6 19. dxe4 Bb4+ 20. Bd2 Bxd2+ 21. Qxd2 Rxg2 22. Qxh6 Kd7 23. Qd2 e5 24. O-O-O Qg8 25. Kb1 Qg5 26. c3 Qxd2 27. Rxd2 Kc6 28. cxd4 exd4 29. Rxd4 Rxf2 30. Rc4+ Kb6 31. h4 f5 32. exf5 Rxf5 33. h5 Rh8 34. h6 Rf7 35. b4 Kb5 36. Rch4 Rfh7 37. Kc2 c5 38. Kb3 Kb6 39. a4 Kc6 40. b5+ Kb6 41. Kc4 a6 42. Rh5 Rc7 43. h7 axb5+ 44. axb5 Rd7 45. Rh6+ Rd6 46. Rxd6+ Kc7 47. Rg6 b6 48. Rg8 Rxh7 49. Rxh7+ Kd6 50. Rg5 Ke6 51. Rh6+ Ke7 52. Rg7+ Kf8 53. Ra7 Kg8 54. Rxb6 Kh8 55. Rb8# 1-0